| 000 | 00626nam a2200193 a 4500 | ||
|---|---|---|---|
| 005 | 20230213120018.0 | ||
| 008 | 040924s1998 mx r 000 0 spa d | ||
| 020 | _a9701818156 | ||
| 035 | _aUPN01000134837 | ||
| 049 | _aCG | ||
| 050 | 4 |
_aQC20.7 S6.8 _bC3.4 |
|
| 100 | 1 | _aCastro Figueroa, Abel R. | |
| 245 | 1 | 0 |
_aEstabilidad : _bde las ecuaciones diferenciales ordinarias y de las ecuaciones funcionales con sus aplicaciones / _cAbel R. Castro Figueroa. |
| 260 |
_aMéxico : _bIPN, _c1998. |
||
| 300 |
_a372 p. : _bgráfs. |
||
| 650 | 2 |
_aEstabilidad _923073 |
|
| 650 | 7 |
_aEcuaciones diferenciales _2 _916870 |
|
| 905 | _aLibro | ||
| 999 |
_c106988 _d106988 |
||